Nueve cartas y una decisión trascendental. Discurso del Presidente de la República al Presidente de la Asamblea Legislativa. Discurso del Lic. Rodrigo Carazo Odio por cadena de Radio y Televisión el 31 de julio de 1980
Gespeichert in:
| Körperschaft: | |
|---|---|
| Format: | Text |
| Veröffentlicht: |
San José:
Imprenta Nacional
|
| Tags: |
Tag hinzufügen
Keine Tags, Fügen Sie den ersten Tag hinzu!
|
MARC
| LEADER | 00000 a a2200000 04500 | ||
|---|---|---|---|
| 001 | 25066 | ||
| 003 | |||
| 040 | |||
| 090 | |a 179600 | ||
| 110 | |a Presidencia de la República de Costa Rica | ||
| 245 | |a Nueve cartas y una decisión trascendental. Discurso del Presidente de la República al Presidente de la Asamblea Legislativa. Discurso del Lic. Rodrigo Carazo Odio por cadena de Radio y Televisión el 31 de julio de 1980 | ||
| 260 | |a San José: |b Imprenta Nacional | ||
| 300 | |a 62 p | ||
| 999 | |c 12878 |d 12878 | ||
